000 01017nam a2200313 a 4500
001 vtls001440903
003 NLI
005 20210627122304.0
008 121130t19941993ii ab 001 0 eng
020 _a8124600155
_cRs. 350.00
039 9 _y201211301657
_zVLOAD
040 _aNLI
_beng
_cDatasoft_GENG
_eAACR2
041 0 _aeng
044 _aii
082 0 4 _a730.9542
100 1 _aSharma, R. C
_q(Ramesh Chandra),
_d1936-
_9780467
245 1 4 _aThe splendour of Mathura art and museum /
_cR. C. Sharma
260 _aNew Delhi :
_bD.K. Printworld,
_c1994 c1993
300 _a211 p :
_bill. (some col.), map ;
_c25 cm.
440 0 _aPerspectives in Indian art & archaeology ;
_vno. 1
_91005852
504 _aIncludes bibliographical references and index
650 0 _aArt
_xMathura (Uttar Pradesh, India)
_91005853
887 _a
901 _aDB67897
_b05.01.1996
902 _aE/O 730.9542 Sh 23
904 _l2496
949 _AVIRTUAITEM
_D10000
_X100
_6DBA000067897ENG
942 _2ddc
_cBKS
999 _aVIRTUA40
_c893408
_d893408